000
00343pab a2200145 454500
008
180718b1990 xxu||||| |||| 00| 0 eng d
100
_a
Monhindra, G.
245
_a
Trade union situation in Asia
260
_c
1990
300
_a
33-9
362
_a
20 & 27 Aug.
650
_a
Labour Unions - Asia
773
_a
Indian Worker
909
_a
12284
999
_c
12284
_d
12284